| 000 | 00509nam a2200169 i 4500 | ||
|---|---|---|---|
| 001 | 78594 | ||
| 003 | ES-MaACL | ||
| 005 | 20230906173746.0 | ||
| 007 | t| | ||
| 008 | 041015s1929 sp ||||1| spa d | ||
| 080 | _a821.112.2-21"18" | ||
| 100 | 1 |
_aHebbel, Friedrich ( _d1813-1863) _9157462 |
|
| 245 | 1 | 4 |
_aLos Nibelungos _b: tragedia alemana en tres partes / _cC. Friedrich Hebbel. |
| 260 |
_aMadrid : _b[s.n.], _c1929 ( _fCalpe) |
||
| 300 |
_a2 t. en 1 vol. ; _c15 cm. |
||
| 852 |
_aES-MaACL _jB-9740 _bR.18286 |
||
| 999 |
_c78594 _d78594 |
||